| 000 -LEADER |
| fixed length control field |
00754nam a22001817a 4500 |
| 005 - DATE AND TIME OF LATEST TRANSACTION |
| control field |
20240313163623.0 |
| 008 - FIXED-LENGTH DATA ELEMENTS--GENERAL INFORMATION |
| fixed length control field |
240313s1984 ru ||||| |||| 00| 0 rus d |
| 041 ## - LANGUAGE CODE |
| Language code of text/sound track or separate title |
rus |
| 080 ## - UNIVERSAL DECIMAL CLASSIFICATION NUMBER |
| Universal Decimal Classification number |
94(381)(092) Ш-78 |
| 100 ## - MAIN ENTRY--PERSONAL NAME |
| Personal name |
Шофман, А. С. |
| 9 (RLIN) |
21422 |
| 245 ## - TITLE STATEMENT |
| Title |
Распад империи Александра Македонского / |
| Statement of responsibility, etc. |
А.С. Шофман. |
| 264 ## - PRODUCTION, PUBLICATION, DISTRIBUTION, MANUFACTURE, AND COPYRIGHT NOTICE |
| Place of production, publication, distribution, manufacture |
Казань : |
| Name of producer, publisher, distributor, manufacturer |
Издательство Казанского университета, |
| Date of production, publication, distribution, manufacture, or copyright notice |
1984. |
| 300 ## - PHYSICAL DESCRIPTION |
| Extent |
224 с. : |
| Other physical details |
ил. ; |
| Dimensions |
22 см. |
| 653 ## - INDEX TERM--UNCONTROLLED |
| keyword |
ალექსანდრე მაკედონელი |
| 653 ## - INDEX TERM--UNCONTROLLED |
| keyword |
მაკედონია -- ისტორია. |
| 653 ## - INDEX TERM--UNCONTROLLED |
| keyword |
ძველი რომი -- ისტორია. |
| 942 ## - ADDED ENTRY ELEMENTS (KOHA) |
| Source of classification or shelving scheme |
|
| Koha item type |
წიგნი |